LIBRARY ONLINE CATALOGUE

Guide to linear algebra. (Record no. 10771)

MARC details
000 -LEADER
fixed length control field 00555nam a22002052 4500
001 - CONTROL NUMBER
control field 0000004436
005 - DATE AND TIME OF LATEST TRANSACTION
control field 20151217154348.0
008 - FIXED-LENGTH DATA ELEMENTS--GENERAL INFORMATION
fixed length control field 070523s xx 000 0 eng d
020 ## - INTERNATIONAL STANDARD BOOK NUMBER
International Standard Book Number 033343627 :
Terms of availability GBP 21.99
040 ## - CATALOGING SOURCE
Original cataloging agency KABU
Transcribing agency KABU
050 #0 - LIBRARY OF CONGRESS CALL NUMBER
Classification number QA184
Item number .T69
100 1# - MAIN ENTRY--PERSONAL NAME
Personal name Towers, David A.
-- 0000154999
245 10 - TITLE STATEMENT
Title Guide to linear algebra.
260 ## - PUBLICATION, DISTRIBUTION, ETC. (IMPRINT)
Place of publication, distribution, etc. London :
Name of publisher, distributor, etc. Macmillan,
Date of publication, distribution, etc. 1988.
300 ## - PHYSICAL DESCRIPTION
Extent x, 210 p.
650 #0 - SUBJECT ADDED ENTRY--TOPICAL TERM
Topical term or geographic name as entry element Algebras, Linear.
-- 0000154658
908 ## - PUT COMMAND PARAMETER (RLIN)
Put command parameter 070523
950 ## - LOCAL HOLDINGS (RLIN)
-- 1
Holdings
Withdrawn status Lost status Source of classification or shelving scheme Not for loan Home library Current library Date acquired Total Checkouts Total Renewals Full call number Barcode Date last seen Date last checked out Price effective from Koha item type
    Library of Congress Classification   Kabarak, Main Campus Kabarak, Main Campus 17/12/2015 15 2 QA184 .T69 008442 08/06/2023 25/05/2023 17/12/2015 General Collection